Modern Family Characters By Picture - Statistics

General Stats
  • This quiz has been taken 262 times
  • The average score is 14 of 16
Answer Stats
Picture Answer % Correct
Phil Dunphy
100%
Cameron Tucker
98%
Gloria Delgado-Pritchett
98%
Manny Delgado
97%
Claire Dunphy
96%
Alex Dunphy
95%
Jay Pritchett
94%
Lily Tucker-Pritchett
94%
Luke Dunphy
94%
Mitchell Pritchett
92%
Haley Dunphy
91%
Dylan Marshall
83%
Joe Pritchett
83%
DeDe Pritchett
74%
Javier Delgado
68%
Frank Dunphy
64%
No matching quizzes found
Score Distribution
Percent of People with Each Score
Percentile by Number Answered
Your Score History
You have not taken this quiz